The high flier and other stories / (Record no. 29442)
[ view plain ]
| 000 -LEADER | |
|---|---|
| fixed length control field | 00750cam a22002297a 4500 |
| 001 - CONTROL NUMBER | |
| control field | 17461580 |
| 003 - CONTROL NUMBER IDENTIFIER | |
| control field | OSt |
| 005 - DATE AND TIME OF LATEST TRANSACTION | |
| control field | 20171205204600.0 |
| 008 - FIXED-LENGTH DATA ELEMENTS--GENERAL INFORMATION | |
| fixed length control field | 120913s2011 ke a 000 j eng |
| 010 ## - LIBRARY OF CONGRESS CONTROL NUMBER | |
| LC control number | 2012311850 |
| 020 ## - INTERNATIONAL STANDARD BOOK NUMBER | |
| International Standard Book Number | 9789966258045 |
| 040 ## - CATALOGING SOURCE | |
| Original cataloging agency | DLC |
| Transcribing agency | DLC |
| 042 ## - AUTHENTICATION CODE | |
| Authentication code | lcode |
| 050 00 - LIBRARY OF CONGRESS CALL NUMBER | |
| Classification number | MLCS 2012/00852 (P) |
| 245 04 - TITLE STATEMENT | |
| Title | The high flier and other stories / |
| Statement of responsibility, etc. | Jairus Omuteche (ed.). |
| 246 14 - VARYING FORM OF TITLE | |
| Title proper/short title | The high flier & other stories |
| 260 ## - PUBLICATION, DISTRIBUTION, ETC. (IMPRINT) | |
| Place of publication, distribution, etc. | Nairobi, Kenya : |
| Name of publisher, distributor, etc. | East African Educational Publishers Ltd., |
| Date of publication, distribution, etc. | 2011. |
| 300 ## - PHYSICAL DESCRIPTION | |
| Extent | xvi, 164 p. : |
| Other physical details | ill. ; |
| Dimensions | 21 cm. |
| 700 1# - ADDED ENTRY--PERSONAL NAME | |
| Personal name | Omuteche, Jairus. |
| 906 ## - LOCAL DATA ELEMENT F, LDF (RLIN) | |
| a | 7 |
| b | cbc |
| c | origode |
| d | 4 |
| e | ncip |
| f | 20 |
| g | y-gencatlg |
| 942 ## - ADDED ENTRY ELEMENTS (KOHA) | |
| Source of classification or shelving scheme | |
| Koha item type | Africana (Books) |
| Classification part | PE 1128.A2 .A48 2011 |
| Withdrawn status | Lost status | Source of classification or shelving scheme | Damaged status | Not for loan | Home library | Current library | Shelving location | Date acquired | Source of acquisition | Cost, normal purchase price | Total Checkouts | Full call number | Barcode | Date last seen | Date last checked out | Price effective from | Koha item type |
|---|---|---|---|---|---|---|---|---|---|---|---|---|---|---|---|---|---|
| MACHAKOS UNIVERSITY LIBRARY | MACHAKOS UNIVERSITY LIBRARY | Africana | 05/12/2017 | PURCHASE (TEXTBOOK) | 464.00 | 1 | PE 1128.A2 .A48 2011 | 37602 | 04/03/2020 | 04/03/2020 | 05/12/2017 | Africana (Books) | |||||
| MACHAKOS UNIVERSITY LIBRARY | MACHAKOS UNIVERSITY LIBRARY | Africana | 05/12/2017 | PURCHASE (TEXTBOOK) | 464.00 | 2 | PE 1128.A2 .A48 2011 | 37603 | 13/10/2023 | 13/10/2023 | 05/12/2017 | Africana (Books) | |||||
| MACHAKOS UNIVERSITY LIBRARY | MACHAKOS UNIVERSITY LIBRARY | Africana | 05/12/2017 | PURCHASE (TEXTBOOK) | 464.00 | PE 1128.A2 .A48 2011 | 37604 | 05/12/2017 | 05/12/2017 | Africana (Books) | |||||||
| MACHAKOS UNIVERSITY LIBRARY | MACHAKOS UNIVERSITY LIBRARY | Africana | 05/12/2017 | PURCHASE (TEXTBOOK) | 464.00 | PE 1128.A2 .A48 2011 | 17195 | 04/03/2020 | 05/12/2017 | Africana (Books) |